Villages d'Ath - Statistiques

Statistiques générales
  • Ce quiz a été pris 7 fois
  • Le résultat moyen est 5 sur 18
Statistiques - réponses
Réponse % Correct
Arbre
75%
Rebaix
75%
Ghislenghien
50%
Isières
50%
Ostiches
50%
Bouvignies
25%
Irchonwelz
25%
Maffle
25%
Mainvault
25%
Meslin-l'Évêque
25%
Ormeignies
25%
Gibecq
0%
Houtaing
0%
Lanquesaint
0%
Ligne
0%
Moulbaix
0%
Villers-Notre-Dame
0%
Villers-Saint-Amand
0%
Aucun quiz correspondant
Distribution des résultats
% des personnes avec chaque résultat
Percentile par nombre de réponses
Votre historique - résultats
Vous n’avez pas pris ce quiz